Minecraft Food - Statistics

General Stats
  • This quiz has been taken 556 times
    479 since last reset
  • The average score is 25 of 40
Answer Stats
Food points Answer % Correct
+1.5 Carrot
88%
+2 Apple
87%
+2.5 Bread
85%
+7 Cake
84%
+2 Golden Apple
84%
+0.5 Potato
83%
+4 Steak
79%
+3 Golden Carrot
77%
+0.5 Beetroot
74%
+3 Cooked Chicken
73%
+2 Rotten Flesh
70%
+3 Cooked Mutton
69%
+3 Mushroom Stew
69%
+1 Raw Chicken
68%
+3 Cooked Salmon
67%
+4 Cooked Porkchop
66%
+2.5 Baked Potato
65%
+1 Cookie
65%
+2 Enchanted Golden Apple
65%
+1.5 Raw Beef
65%
+4 Pumpkin Pie
64%
+2.5 Cooked Cod
63%
+1 Raw Mutton
63%
+1 Melon Slice
62%
+1.5 Raw Porkchop
62%
+3 Beetroot Soup
58%
+1 Raw Salmon
58%
+2.5 Cooked Rabbit
57%
+5 Rabbit Stew
56%
+1 Raw Cod
56%
+1 Spider Eye
56%
+1.5 Raw Rabbit
54%
+0.5 Pufferfish
53%
+3 Suspicious Stew
50%
+1 Poisonous Potato
45%
+0.5 Dried Kelp
44%
+0.5 Tropical Fish
42%
+1 Sweet Berries
38%
+2 Chorus Fruit
36%
+3 Honey Bottle
35%
No matching quizzes found
Score Distribution
Percent of People with Each Score
Percentile by Number Answered
Your Score History
You have not taken this quiz since the last reset